Statistiques concernant Paroles - Entre gris clair et gris foncé - Jean-Jacques Goldman

Cliquez ici pour prendre le quiz!

Statistiques générales

  • Ce quiz a été pris 15 fois
  • Le résultat moyen est 145 sur 232

Statistiques - réponses

Paroles% Correct
clair
100%
entre
100%
Entre
100%
et
100%
foncé
100%
gris
100%
à
93%
de
87%
le
87%
des
80%
La
80%
la
80%
les
80%
Les
80%
qui
80%
un
80%
Ce
73%
Du
73%
du
73%
nos
73%
plus
73%
au
67%
moins
67%
peu
67%
années,
60%
blanc
60%
ciel
60%
est
60%
Ni
60%
noirs
60%
sages
60%
soleil
60%
sont
60%
Tous
60%
coeur
53%
messages
53%
ne
53%
Oubliées,
53%
oubliées
53%
rouge
53%
belles
47%
bien
47%
blancs
47%
Contrôlées
47%
Délavées,
47%
déteintes
47%
enfers
47%
foi
47%
gens
47%
histoires
47%
"jamais",
47%
pacemaker
47%
pur,
47%
qu'on
47%
sang
47%
Sans
47%
"toujours"
47%
travers
47%
vraiment
47%
absolument
40%
brûlaient
40%
croient
40%
Décolorés,
40%
diables
40%
étandards
40%
évidences
40%
gentils,
40%
grands
40%
haines
40%
innocents
40%
méchants
40%
pleins
40%
Programmé,
40%
programmées
40%
Programmées,
40%
Souillé,
40%
taché,
40%
Télévisées,
40%
Ternis,
40%
troublants,
40%
chemins
33%
donnait
33%
d'une
33%
entêtant
33%
fléchés
33%
frères
33%
hésitation
33%
hurle
33%
idoles
33%
"juré",
33%
Largués,
33%
l'espoir
33%
l'ombre
33%
l'ombre,
33%
Organisés,
33%
poumons
33%
Scénarisées,
33%
serments,
33%
slogans
33%
timoniers
33%
vert
33%
Celle
27%
d'âme
27%
d'amour
27%
d'écoute
27%
d'embûches
27%
l'amitié
27%
L'Eden
27%
Longue
27%
Psychiatrisée,
27%
repos
27%
romans
27%
route
27%
sacré
27%
semée
27%
sérénité
27%
sondage
27%
taux
27%
Brûlé
20%
Enfermés,
20%
Fané,
20%
Prisonnier,
20%

Distribution des résultats

Percentile par nombre de réponses

% des personnes avec chaque résultat

Votre développement - résultats

Vous n’avez pas pris ce quiz